000 00990nam0a22002531 4500
001 rc\2628012
005 20260407071653.0
035 _a(NLR Aleph) 006791528
090 _a6149126
_c6149126
100 _a20110914d1931 |||y0rusy50 ca
101 0 _arus
102 _aRU
105 _ay z |||||
200 1 _aРабочий план уборочной кампании зерносовхоза "Гигант" на 1931 год
_fГос. объединение зерновых хоз-в Союза ССР "Зернотрест"
210 _a[Сальск]
_cБ. и.
_d[1931]
_eСальск
_gтип. изд-ва "Трактор"
215 _a67 с.
_d22х15 см.
300 _aБез тит. л. Описано по обложке
710 0 2 _a"Гигант", зерновой совхоз
_cСальский р-н
_9568754
_3RU\NLR\AUTH\8810035257
801 0 _aRU
_bNLR
_gpsbo
801 1 _aRU
_bELAR
_2rusmarc
852 _aNLR
_j31-11/594
942 _cBOOK
980 _aNB